The spanish borderlands frontier 1513-1821

Պահպանված է:
Մատենագիտական մանրամասներ
Հիմնական հեղինակ: Bannon, John Francis (Հեղինակ)
Ձևաչափ: Գիրք
Լեզու:անգլերեն
Հրապարակվել է: Albuquerque University of New Mexico Press 1974
Հրատարակություն:1a. ed
Խորագրեր:
Ցուցիչներ: Ավելացրեք ցուցիչ
Չկան պիտակներ, Եղեք առաջինը, ով նշում է այս գրառումը!

MARC

LEADER 00000cam a2200000 a 4500
001 UCC4589
003 CL-VaPUC
008 180810e19740000us |||||||||||||||||eng|d
020 |a 0826303099 
082 0 4 |a 973.51092  |b BAN  |2 21 
100 0 |a Bannon, John Francis  |e author  |9 598774 
245 1 4 |a The spanish borderlands frontier 1513-1821 
250 |a 1a. ed 
300 |a 308 p 
942 |c BK 
945 |d 20180810 15:16:00  |a dcastane 
260 |a Albuquerque  |b University of New Mexico Press  |c 1974 
650 0 |a Historia de Estados Unidos  |9 354186 
650 7 |a HISTORIA DE ESPAÑA SIGLOS 16-18  |2 CL-VaPUC  |9 255127 
650 0 |a Fronteras  |9 338773 
583 |a last modification  |c 20180810 15:16:00  |k Rodrigo Vera 
999 |c 372041  |d 372039 
952 |0 0  |1 0  |3 erb  |4 0  |6 973_510920000000000_BAN_1974  |7 0  |8 A  |9 489279  |a BIBEDU  |b BIBEDU  |i 5487579  |o 973.51092 BAN 1974  |p 5487579  |r 2019-11-24  |w 2019-11-24  |y BK  |z Catalogado en:20180810  |k LIT